000 01356nam a2200337 i 4500
003 DO-SdBNP
005 20240403153235.0
007 ta
008 220210e1901 dr ||||frg||| 001 0 spa d
040 _aDO-SdBNP
_bspa
_cBNPHU
082 4 _222
_a346.070972.93
_bR426c 1901
110 1 _4República Dominicana
_eautor
245 1 0 _aCódigo de comercio de la República Dominicana. /
250 _a2da. edición oficial.
264 _aSanto Domingo :
_bLa Cuna de América,
_c1901
300 _a119 páginas completadas ;
_c26 cm.
336 _2rdacontent
_atexto
_btxt
337 _2rdamedia
_asin mediación
_bn
338 _2rdacarrier
_avolumen
_bnc
505 _aRevolución del Poder Ejecutivo, ordenando se haga una segunda edición oficial de los Códigos.
505 _aDerecho del Congreso Nacional, sancionando y dando como Ley de la Nación el presente Código.
505 _aLibro Primero.
_tDel comercio en general.--
505 _aLibro segundo
_tDel comercio marítimo.--
505 _aLibro Tercero.
_tDe las quiebras y bancarrotas.
505 _aLibro cuarto,
_tDe la Jurisdicción comercial.
534 _eEjemplar impreso a dos columnnas.
590 _aInventariado 2024 / MF
650 4 _914449
_aDerecho Comercial
_y1901
_zRepública Dominicana
650 0 _924833
_aDerecho
_ySiglo XIX
_zRepública Dominicana
942 _2ddc
_cLBS1
999 _c51412
_d51412